Пиролитическая переработка соломы за счет собственных тепловых эффектов разложения; Альтернативная и интеллектуальная энергетика

Xehetasun bibliografikoak
Parent link:Альтернативная и интеллектуальная энергетика.— 2018.— [С. 155-157]
Erakunde egilea: Национальный исследовательский Томский политехнический университет Инженерная школа энергетики Научно-образовательный центр И. Н. Бутакова (НОЦ И. Н. Бутакова)
Beste egile batzuk: Астафьев А. В. Александр Владимирович, Мусафиров Д. Е. Диас Ерланович, Табакаев Р. Б. Роман Борисович, Языков Н. А. Николай Алексеевич
Gaia:Заглавие с экрана
В работе рассмотрена возможность термической переработки соломы засчёт собственных тепловых эффектов разложения. Установлено, что процесс пиролизасоломы может протекать в автотермическом режиме, при этом наибольший тепловой эффект(398,9 кДж/кг) можно получить при температуре окончания процесса, равной 460 °C; дляданных условий пиролиза определено, что влажность исходной соломы для обеспеченияавтотермичности протекания процесса должна составлять не более 30,5 %.
Hizkuntza:errusiera
Argitaratua: 2018
Gaiak:
Sarrera elektronikoa:http://aie.cchgeu.ru/upload/staff/upr-nauki-i-innov/konf-aie/Материалы%20международной%20научно-практической%20конференции%20Альтернативная%20и%20интеллектуальная%20энергетика.pdf#page=155
Formatua: Baliabide elektronikoa Liburu kapitulua
KOHA link:https://koha.lib.tpu.ru/cgi-bin/koha/opac-detail.pl?biblionumber=659449

MARC

LEADER 00000naa0a2200000 4500
001 659449
005 20250826162204.0
035 |a (RuTPU)RU\TPU\network\28021 
090 |a 659449 
100 |a 20190220d2018 k y0rusy50 ca 
101 0 |a rus 
102 |a RU 
135 |a drcn ---uucaa 
181 0 |a i  
182 0 |a b 
200 1 |a Пиролитическая переработка соломы за счет собственных тепловых эффектов разложения  |f А. В. Астафьев [и др.] 
203 |a Текст  |c электронный 
300 |a Заглавие с экрана 
320 |a [Библиогр.: с. 157 (1 назв.)] 
330 |a В работе рассмотрена возможность термической переработки соломы засчёт собственных тепловых эффектов разложения. Установлено, что процесс пиролизасоломы может протекать в автотермическом режиме, при этом наибольший тепловой эффект(398,9 кДж/кг) можно получить при температуре окончания процесса, равной 460 °C; дляданных условий пиролиза определено, что влажность исходной соломы для обеспеченияавтотермичности протекания процесса должна составлять не более 30,5 %. 
463 |t Альтернативная и интеллектуальная энергетика  |o материалы Международной научно-практической конференции, Воронеж, 6-8 Декабря 2018  |v [С. 155-157]  |d 2018 
610 1 |a электронный ресурс 
610 1 |a труды учёных ТПУ 
610 1 |a термическая переработка 
610 1 |a пиролиз 
610 1 |a тепловые эффекты 
610 1 |a автотермичность 
610 1 |a тепловые затраты 
610 1 |a экзотермические реакции 
701 1 |a Астафьев  |b А. В.  |c специалист в области теплоэнергетики  |c лаборант Томского политехнического университета  |f 1994-  |g Александр Владимирович  |3 (RuTPU)RU\TPU\pers\34149 
701 1 |a Мусафиров  |b Д. Е.  |g Диас Ерланович 
701 1 |a Табакаев  |b Р. Б.  |c специалист в области теплоэнергетики  |c научный сотрудник Томского политехнического университета, кандидат наук  |f 1986-  |g Роман Борисович  |3 (RuTPU)RU\TPU\pers\29598  |9 14133 
701 1 |a Языков  |b Н. А.  |g Николай Алексеевич 
712 0 2 |a Национальный исследовательский Томский политехнический университет  |b Инженерная школа энергетики  |b Научно-образовательный центр И. Н. Бутакова (НОЦ И. Н. Бутакова)  |3 (RuTPU)RU\TPU\col\23504 
801 2 |a RU  |b 63413507  |c 20190220  |g RCR 
856 4 |u http://aie.cchgeu.ru/upload/staff/upr-nauki-i-innov/konf-aie/Материалы%20международной%20научно-практической%20конференции%20Альтернативная%20и%20интеллектуальная%20энергетика.pdf#page=155 
942 |c CF